000 00748nam a2200277Ia 4500
003 OSt
005 20220926022844.0
006 a|||||r|||| 00| 0
007 ta
008 220923b |||||||| |||| 00| 0 eng d
020 _a0393924998
037 _cGeneral Book
040 _aRTL
_cRTL
_beng
041 _2eng
_aeng
082 _aX:(B2892), P4
100 _aDixit Avinash
245 0 _aGames of strategy
250 _aEd 2
260 _aNew York
_bW W Norton
_c2004
300 _axxii,665p
_ccm.
500 _aGlossary P 629-646
650 _aEconomics Irt game Theory
_9233448
700 _a Skeath Susan
_9328350
942 _hX:(B2892), P4
_cGB
_2CC
999 _c640443
_d640443